[Event "Challenge"]
[Site "http://www.queenalice.com/game.php?id=289484"]
[Date "2007.10.19"]
[Round "-"]
[White "prodomus"]
[Black "FENIX_RJ"]
[Result "0-1"]
[WhiteElo "1217"]
[BlackElo "1529"]

1. e4 e5 2. Qh5 g6 3. Qxe5+ Qe7 4. Qxh8 Qxe4+ 5. Kd1 d5 6. Qxg8 Qg4+ 7. f3 Qg5
8. b3 Nd7 9. Ba3 Qh6 10. g3 Nf6 11. Qh8 Nd7 12. Qc3 c5 13. Bb5 d4 14. Qc4 a6 15.
Bxd7+ Bxd7 16. Ne2 Be6 17. Qb4 cxb4 18. Bb2 Bh3 19. Nxd4 O-O-O 20. d3 Re8 21.
Re1 Kd8 22. g4 Bg2 23. Nd2 Bc5 24. Ne2 Bf2 25. Rg1 Qxh2 26. Bf6+ Kd7 27. Nf1
Bxf1 28. Rxf1 Bd4 29. Nxd4 Qd6 30. Bh4 Qxd4 31. Re1 Qxa1+ 32. Kd2 Qc3+ 33. Kc1
Rc8 34. Bf6 Qxf6 35. f4 Qc6 36. c3 Qxc3+ 37. Kd1 Qc2# 0-1

[Event "AUTO-BEG-159"]
[Site "http://www.queenalice.com/game.php?id=309936"]
[Date "2007.11.25"]
[Round "1"]
[White "juliocesarbraga"]
[Black "prodomus"]
[Result "1-0"]
[WhiteElo "1480"]
[BlackElo "1232"]

1. e4 e5 2. Nf3 Nf6 3. Nxe5 Nc6 4. Nxc6 bxc6 5. d3 g6 6. Be2 Bg7 7. O-O O-O 8.
e5 Nd5 9. c4 Nb4 10. f4 Rb8 11. Bd2 1-0

[Event "AUTO-BEG-159"]
[Site "http://www.queenalice.com/game.php?id=309937"]
[Date "2007.11.25"]
[Round "1"]
[White "prodomus"]
[Black "DSMarcal"]
[Result "1-0"]
[WhiteElo "1261"]
[BlackElo "1421"]

1. e4 e5 2. Qh5 g6 3. Qxe5+ Qe7 4. Qxh8 Nf6 5. b3 Qe5 6. Ba3 d6 7. Nc3 Qe6 8.
O-O-O Nxe4 9. Qd4 d5 10. Bb2 c5 11. Qa4+ Bd7 12. Bb5 Nxf2 13. Nf3 Nxh1 14. Rxh1
d4 15. Ne2 a6 16. Bxd7+ Nxd7 17. Nf4 Qg4 18. Ne5 O-O-O 19. Nxg4 g5 20. Nd5 f5
21. Ngf6 Nxf6 22. Nxf6 h6 23. Qa5 Be7 24. Nh5 g4 25. Ng7 Rd5 26. Ne8 Re5 27.
Qc7# 1-0

[Event "Challenge"]
[Site "http://www.queenalice.com/game.php?id=314386"]
[Date "2007.12.3"]
[Round "-"]
[White "Rgbug"]
[Black "prodomus"]
[Result "1-0"]
[WhiteElo "1890"]
[BlackElo "1232"]

1. e4 e5 2. Nf3 Nf6 3. Nxe5 Qe7 4. d4 Nxe4 5. Qf3 Nd6 6. Be3 Nc6 7. Nxc6 bxc6 8.
Bd3 g6 9. O-O Bg7 10. Re1 O-O 11. Nc3 Rb8 12. Qg3 Bb7 13. Bg5 1-0

[Event "Challenge"]
[Site "http://www.queenalice.com/game.php?id=336996"]
[Date "2008.1.15"]
[Round "-"]
[White "BOSQUES"]
[Black "prodomus"]
[Result "1-0"]
[WhiteElo "1587"]
[BlackElo "1291"]

1. d4 d5 2. c4 Nf6 3. Nc3 Nc6 4. Nf3 dxc4 5. e4 b5 6. Nxb5 a6 7. Nc3 g6 8. Bxc4
Bg7 9. e5 Ng4 10. Bd5 Bb7 11. Ng5 e6 12. Bxc6+ Bxc6 13. Qxg4 O-O 14. Qh3 h5 15.
Nxe6 Qe7 16. Nxf8 Rxf8 17. O-O a5 18. a3 Rd8 19. Qe3 Bb7 20. Ne4 Qe6 21. Nf6+
1-0

[Event "Challenge"]
[Site "http://www.queenalice.com/game.php?id=336997"]
[Date "2008.1.15"]
[Round "-"]
[White "prodomus"]
[Black "BOSQUES"]
[Result "0-1"]
[WhiteElo "1287"]
[BlackElo "1591"]

1. e4 e5 2. Qh5 c6 3. Qxe5+ Qe7 4. Qc3 Qxe4+ 5. Ne2 d5 6. d3 Qg6 7. Qe5+ Be6 8.
Nf4 Qg4 9. g3 Nf6 10. Bh3 Qf3 11. Bg2 Qg4 12. Bh3 Nbd7 13. Qe3 Qg5 14. Bxe6 fxe6
15. Qxe6+ Be7 16. Ne2 Qe5 17. Qxe5 Nxe5 18. Bf4 Nf3+ 19. Kf1 O-O 0-1

[Event "AUTO-BEG-174"]
[Site "http://www.queenalice.com/game.php?id=337000"]
[Date "2008.1.15"]
[Round "1"]
[White "Dyggo"]
[Black "prodomus"]
[Result "1-0"]
[WhiteElo "1686"]
[BlackElo "1293"]

1. e4 e5 2. Nf3 d6 3. d4 exd4 4. Nxd4 Qh4 5. Nc3 c5 6. Bb5+ Bd7 7. Nf5 Qf6 8.
Nd5 Qg6 9. Bxd7+ Nxd7 10. Nc7+ Kd8 11. Nxa8 Qxg2 12. Ng3 Ne5 13. Be3 Nf3+ 14.
Ke2 Nf6 15. Qf1 Qxf1+ 16. Rhxf1 Nh4 17. b4 cxb4 18. Bxa7 Nd7 19. Nb6 Ne5 20. Nd5
Nc6 21. Bb6+ Kd7 22. a4 1-0

[Event "AUTO-BEG-174"]
[Site "http://www.queenalice.com/game.php?id=337001"]
[Date "2008.1.15"]
[Round "1"]
[White "prodomus"]
[Black "Dyggo"]
[Result "0-1"]
[WhiteElo "1295"]
[BlackElo "1667"]

1. e4 c5 2. Bc4 Nc6 3. Qf3 Ne5 4. Qf5 Nxc4 5. Qxc5 Nb6 6. Nc3 e6 7. Qd4 Nf6 8.
e5 Nfd5 9. d3 Qc7 10. Nf3 Nxc3 11. Bd2 Ncd5 12. g3 Bc5 13. Qg4 Bf8 14. Ng5 Qxe5+
15. Qe2 Qxb2 16. Rc1 Bb4 17. Ne4 Qxc1+ 18. Qd1 Bxd2+ 19. Nxd2 Qxd1+ 20. Kxd1
Nc3+ 21. Ke1 d5 0-1

[Event "AUTO-BEG-174"]
[Site "http://www.queenalice.com/game.php?id=337018"]
[Date "2008.1.15"]
[Round "1"]
[White "prodomus"]
[Black "marcelob2"]
[Result "0-1"]
[WhiteElo "1274"]
[BlackElo "1172"]

1. e4 e5 2. Qh5 Qf6 3. Nc3 c6 4. d3 Be7 5. Bg5 Qxg5 6. Qf3 Nf6 7. Nh3 Qh6 8. g3
O-O 9. Bg2 d5 10. exd5 Bxh3 11. O-O Ng4 12. Qe4 f5 13. Qc4 f4 14. gxf4 Bxg2 15.
Kxg2 Rxf4 16. Qb3 Qxh2# 0-1

[Event "AUTO-BEG-174"]
[Site "http://www.queenalice.com/game.php?id=337019"]
[Date "2008.1.15"]
[Round "1"]
[White "marcelob2"]
[Black "prodomus"]
[Result "0-1"]
[WhiteElo "1401"]
[BlackElo "1274"]

1. e4 e5 2. Nf3 d6 3. Nc3 Nf6 4. Bb5+ c6 5. Ba4 Na6 6. O-O Bg4 7. d4 exd4 8.
Qxd4 Qa5 9. Bf4 Bxf3 10. gxf3 Nc5 11. b3 Ne6 12. Qd2 Qh5 13. b4 Qxf3 14. Qe3
Qg4+ 15. Bg3 b5 16. Bb3 d5 17. exd5 cxd5 18. Bxd5 Nxd5 19. Nxd5 Rc8 20. c3 Bd6
21. Qxa7 O-O 22. Kh1 Qf3+ 23. Kg1 Qxd5 24. Rad1 Qg5 25. Rxd6 Nf4 26. h4 Ne2+ 27.
Kg2 Qg4 28. Rd5 Nf4+ 29. Kg1 Nxd5 30. Re1 Rxc3 0-1